| 000 | 00364nam a22001577a 4500 | ||
|---|---|---|---|
| 005 | 20250310115613.0 | ||
| 008 | 160528b xxu||||| |||| 00| 0 eng d | ||
| 041 | _aeng | ||
| 082 | _b5597 | ||
| 100 |
_aNAIR , SUJA _98601 |
||
| 245 | _aRETAIL MANAGEMENT | ||
| 260 |
_bHIMALAYA PUBLISHING HOUSE _aMUMBAI |
||
| 300 | _a478;P | ||
| 650 | _aManagement | ||
| 942 | _cBK | ||
| 999 |
_c2004 _d2003 |
||